Music Quiz

Random Music Quiz

One Dance by Drake Lyrics Quiz Stats

 Plays Quiz not verified by Sporcle

Challenge
Share
Tweet
Embed
Score 0/300 Timer 10:00
1 Play Today
Answer % Correct
I
99.3%
I
99.3%
I
99.3%
I
99.3%
I
99.3%
I
99.3%
I
99.3%
I
99.3%
I
99.3%
I
99.3%
I
99.3%
I
99.3%
I
99.3%
I
99.3%
I
99.3%
I
99.3%
I
99.3%
I
99.3%
I
99.3%
I
99.3%
I
99.3%
I
99.3%
I
99.3%
I
99.3%
on
98%
on
98%
on
98%
on
98%
on
98%
on
98%
on
98%
a
97.4%
a
97.4%
a
97.4%
a
97.4%
a
97.4%
a
97.4%
a
97.4%
a
97.4%
a
97.4%
a
97.4%
a
97.4%
a
97.4%
a
97.4%
a
97.4%
a
97.4%
a
97.4%
a
97.4%
a
97.4%
a
97.4%
one
96.1%
one
96.1%
one
96.1%
one
96.1%
one
96.1%
one
96.1%
one
96.1%
one
96.1%
one
96.1%
one
96.1%
one
96.1%
one
96.1%
one
96.1%
one
96.1%
one
96.1%
dance
95.8%
dance
95.8%
dance
95.8%
dance
95.8%
dance
95.8%
dance
95.8%
dance
95.8%
go
94.4%
go
94.4%
go
94.4%
go
94.4%
go
94.4%
go
94.4%
go
94.4%
go
94.4%
go
94.4%
need
94.3%
need
94.3%
need
94.3%
need
94.3%
need
94.3%
need
94.3%
need
94.3%
need
94.3%
you
92.4%
you
92.4%
you
92.4%
you
92.4%
you
92.4%
you
92.4%
in
90.9%
in
90.9%
in
90.9%
in
90.9%
in
90.9%
Answer % Correct
in
90.9%
in
90.9%
in
90.9%
my
90.2%
my
90.2%
my
90.2%
my
90.2%
my
90.2%
my
90.2%
my
90.2%
my
90.2%
my
90.2%
time
89.3%
time
89.3%
time
89.3%
time
89.3%
time
89.3%
time
89.3%
time
89.3%
time
89.3%
time
89.3%
hand
88.6%
hand
88.6%
hand
88.6%
hand
88.6%
hand
88.6%
hand
88.6%
hand
88.6%
got
88%
got
88%
got
88%
got
88%
got
88%
got
88%
got
88%
got
88%
your
87.4%
your
87.4%
your
87.4%
more
87.3%
more
87.3%
more
87.3%
more
87.3%
more
87.3%
more
87.3%
more
87.3%
that
87.1%
that
87.1%
for
84.7%
know
83.5%
know
83.5%
know
83.5%
Baby
83.4%
baby
83.4%
back
82.4%
back
82.4%
Like
82.3%
like
82.3%
do
81.6%
me
81.5%
me
81.5%
me
81.5%
me
81.5%
me
81.5%
me
81.5%
me
81.5%
me
81.5%
me
81.5%
way
81.4%
way
81.4%
dont
81.1%
dont
81.1%
to
80%
to
80%
to
80%
to
80%
to
80%
the
79.7%
the
79.7%
style
79.5%
style
79.5%
it
78.9%
it
78.9%
it
78.9%
when
78.1%
when
78.1%
Im
78%
Im
78%
no
78%
never
77.6%
never
77.6%
front
77.5%
why
76.9%
why
76.9%
love
76.7%
away
76.3%
away
76.3%
thats
76.3%
thats
76.3%
make
76.1%
Answer % Correct
make
76.1%
play
76%
we
75.7%
Grips
75.6%
OT
75.5%
OT
75.5%
OT
75.5%
But
75.3%
pray
75.3%
pray
75.3%
pray
75.3%
run
75.1%
not
74.4%
taking
73.7%
hold
73.7%
taking
73.7%
hold
73.7%
taking
73.7%
hold
73.7%
taking
73.7%
hold
73.7%
taking
73.7%
hold
73.7%
taking
73.7%
hold
73.7%
safe
73.1%
Hennessy
73.1%
hennessy
73.1%
hennessy
73.1%
hennessy
73.1%
hennessy
73.1%
hennessy
73.1%
hennessy
73.1%
much
73%
streets
72.6%
even
71.5%
power
71.2%
theres
68.5%
and
68.1%
waist
67%
fore
65.2%
fore
65.2%
fore
65.2%
fore
65.2%
fore
65.2%
fore
65.2%
fore
65.2%
powers
62.9%
powers
62.9%
powers
62.9%
powers
62.9%
powers
62.9%
powers
62.9%
all
62.6%
friends
61.9%
strength
61.1%
want
61%
want
61%
guidance
60.2%
wishing
59.1%
as
58.5%
as
58.5%
higher
57.9%
higher
57.9%
higher
57.9%
higher
57.9%
higher
57.9%
higher
57.9%
higher
57.9%
see
56.4%
text
56.4%
reply
56.3%
by
55.1%
soon
54.4%
fighting
54%
silence
53.7%
gotta
53.6%
spend
53.3%
stick
51.1%
from
50.9%
up
50%
bust
49.2%
take
48.7%
nobody
47.7%
if
47.4%
control
47.1%
had
46.6%
where
45.7%
where
45.7%
makes
44.6%
slow
43.4%
ends
42.7%
lose
41.9%
Cause
41.2%
peice
40.9%
youre
38.1%
Ill
36.8%
down
36.3%
weve
33.8%
tell
30.8%

You're not logged in!

Compare scores with friends on all Sporcle quizzes.
OR
Log In

You Might Also Like...

Show Comments

Extras

Created May 11, 2016ReportNominate
Tags:dance, drake

Top Quizzes Today


Score Distribution

Your Account Isn't Verified!

In order to create a playlist on Sporcle, you need to verify the email address you used during registration. Go to your Sporcle Settings to finish the process.

Report this User

Report this user for behavior that violates our Community Guidelines.

Details: